000 00407nam a22001697a 4500
999 _c4285
_d4284
005 20210927103915.0
008 160627b xxu||||| |||| 00| 0 eng d
020 _a81-7629-468-3
041 _aeng
082 _b10654
100 _aBhatia, S.K.
_91956
245 _aConstructive Industrial Relations and labour laws
260 _bDeep & Deep
300 _a314
650 _aManagement
_9241
942 _cBK